000 00786cam a2200205 i 4500
005 20251214111200.0
008 250721s2009 jo gr 000 0 ara d
082 1 4 _a216.791
_bخ ض ر
100 1 _aخضرة، زكريا محمد
_eمؤلف.
245 1 2 _aالقتل العمد :
_bدراسة تأصيلية فقهية مقارنة /
_cتأليف المحامي زكريا محمد خضرة.
250 _aالطبعة الأولى.
264 3 1 _aعمان :
_bدار الياقوت للطباعة والنشر والتوزيع،
_c2009.
300 _a74 صفحة.
650 1 7 _aالفقه الاسلامي.
650 1 7 _aالقتل.
650 1 7 _aالقانون الجنااي.
650 1 7 _aالجريمة.
942 _2ddc
_cBK
999 _c116803
_d116803